CORTIS members - Statistics

General Stats
  • This quiz has been taken 865 times
  • The average score is 4 of 5
Answer Stats
Picture Answer % Correct
James
99%
Martin
99%
Juhoon
89%
Keonho
87%
Seonghyeon
75%
No matching quizzes found
Score Distribution
Percent of People with Each Score
Percentile by Number Answered
Your Score History
You have not taken this quiz